[Event "Titled Tuesday intern op 15th Aug Late"]
[Site "Chess.com INT"]
[Date "2023.08.15"]
[Round "4"]
[White "Yedidia, Jonathan"]
[Black "Kujawski, Adam"]
[Result "0-1"]
[WhiteElo "2360"]
[BlackElo "2173"]
[PlyCount "74"]
[EventDate "2023.08.15"]
[EventType "swiss (blitz)"]
[EventRounds "11"]
[EventCountry "USA"]
[SourceTitle "EXT 2024"]
[Source "ChessBase"]
[SourceDate "2023.10.10"]
[SourceVersion "1"]
[SourceVersionDate "2023.10.10"]
[SourceQuality "1"]

1. e4 e5 2. Nf3 Nc6 3. Bc4 Nf6 4. d3 d5 5. exd5 Nxd5 6. 0-0 Nb6 7. Bb5 Bd6 8. Re1 f6 9. d4 0-0 10. Bxc6 bxc6 11. dxe5 fxe5 12. Bg5 Qe8 13. Nc3 Qg6 14. Ne4 Nd5 15. c4 Nf6 16. Nxd6 cxd6 17. Qxd6 e4 18. Bxf6 Rxf6 19. Qd8+ Rf8 20. Qc7 exf3 21. g3 Bg4 22. Rad1 Rf7 23. Rd8+ Rxd8 24. Qxd8+ Rf8 25. Qd4 h6 26. Qxa7 Rf7 27. Qd4 Kh7 28. a4 Qh5 29. h4 Rd7 30. Qe4+ Bf5 31. Qf4 Bg6 32. a5 Qxa5 33. Qxf3 Qxe1+ 34. Kh2 Rd2 35. Qxc6 Rxf2+ 36. Kh3 Bf5+ 37. g4 Qe3+ 0-1

[Event "Titled Tuesday intern op 01st Aug Late"]
[Site "Chess.com INT"]
[Date "2023.08.01"]
[Round "8"]
[White "Droin, Augustin"]
[Black "Kujawski, Adam"]
[Result "1-0"]
[WhiteElo "2463"]
[BlackElo "2173"]
[PlyCount "67"]
[EventDate "2023.08.01"]
[EventType "swiss (blitz)"]
[EventRounds "11"]
[EventCountry "USA"]
[SourceTitle "EXT 2024"]
[Source "ChessBase"]
[SourceDate "2023.10.10"]
[SourceVersion "1"]
[SourceVersionDate "2023.10.10"]
[SourceQuality "1"]

1. e4 e5 2. Nf3 Nc6 3. Bb5 a6 4. Ba4 Nf6 5. 0-0 Be7 6. Re1 b5 7. Bb3 0-0 8. a4 b4 9. c3 a5 10. d4 d6 11. d5 Nb8 12. cxb4 axb4 13. Nbd2 c5 14. dxc6 Nxc6 15. Nc4 Be6 16. Bg5 Qb8 17. Rc1 Rc8 18. Bxf6 gxf6 19. Ne3 Na5 20. Bxe6 fxe6 21. Nh4 Rxc1 22. Qg4+ Kh8 23. Rxc1 Qg8 24. Qxg8+ Kxg8 25. Rc7 Kf8 26. Kf1 f5 27. exf5 Bxh4 28. Rxh7 Bf6 29. Ng4 Bg7 30. f6 Bxf6 31. Nxf6 Ra6 32. g4 Nb3 33. g5 Nd2+ 34. Kg2 1-0

[Event "Titled Tuesday intern op 01st Aug Late"]
[Site "Chess.com INT"]
[Date "2023.08.01"]
[Round "10"]
[White "Kujawski, Adam"]
[Black "Petersson, Kjell"]
[Result "1-0"]
[WhiteElo "2173"]
[BlackElo "2040"]
[PlyCount "83"]
[EventDate "2023.08.01"]
[EventType "swiss (blitz)"]
[EventRounds "11"]
[EventCountry "USA"]
[SourceTitle "EXT 2024"]
[Source "ChessBase"]
[SourceDate "2023.10.10"]
[SourceVersion "1"]
[SourceVersionDate "2023.10.10"]
[SourceQuality "1"]

1. e4 c5 2. Nf3 d6 3. d4 cxd4 4. Nxd4 Nf6 5. Nc3 g6 6. Be3 Bg7 7. f3 0-0 8. Qd2 Nc6 9. 0-0-0 d5 10. exd5 Nxd5 11. Nxc6 bxc6 12. Bd4 Bxd4 13. Qxd4 Qb6 14. Na4 Qc7 15. Bc4 Be6 16. Nc5 Qf4+ 17. Qxf4 Nxf4 18. Nxe6 Nxe6 19. Bxe6 fxe6 20. Rhe1 Kf7 21. Re4 Rfd8 22. Rd2 Rd6 23. Ra4 Kf6 24. Rxd6 exd6 25. Ra6 Ke5 26. Rxc6 g5 27. Rc7 h5 28. Rf7 a5 29. a4 Rc8 30. b3 d5 31. Kd2 d4 32. Rb7 Rc5 33. Rb5 Kd5 34. Kd3 Rxb5 35. axb5 Kc5 36. b6 Kxb6 37. Kxd4 Kc6 38. Ke5 Kc5 39. c3 g4 40. fxg4 hxg4 41. h4 gxh3 42. gxh3 1-0

[Event "Titled Tuesday intern op 01st Aug Late"]
[Site "Chess.com INT"]
[Date "2023.08.01"]
[Round "6"]
[White "Kujawski, Adam"]
[Black "Sivakumar, Shaaketh"]
[Result "0-1"]
[WhiteElo "2173"]
[BlackElo "2355"]
[PlyCount "118"]
[EventDate "2023.08.01"]
[EventType "swiss (blitz)"]
[EventRounds "11"]
[EventCountry "USA"]
[SourceTitle "EXT 2024"]
[Source "ChessBase"]
[SourceDate "2023.10.10"]
[SourceVersion "1"]
[SourceVersionDate "2023.10.10"]
[SourceQuality "1"]

1. e4 e6 2. d4 f6 3. c4 Kf7 4. Nc3 Ne7 5. f4 c6 6. Nf3 d5 7. f5 exf5 8. exd5 cxd5 9. cxd5 Nxd5 10. Qb3 Be6 11. Bc4 Qe7 12. 0-0 Nxc3 13. bxc3 Bxc4 14. Qxc4+ Qe6 15. d5 Qb6+ 16. Kh1 Bd6 17. Bf4 Nd7 18. Rab1 Qc5 19. Qxc5 Bxc5 20. Rxb7 Rhd8 21. Re1 Kg6 22. Nd4 Bxd4 23. cxd4 Re8 24. Rxe8 Rxe8 25. h4 Nb6 26. Rxa7 Nxd5 27. Bd6 h5 28. a4 Re4 29. Bc5 Ne3 30. Bf8 Rxh4+ 31. Kg1 f4 32. Rxg7+ Kf5 33. g3 fxg3 34. Rxg3 Nd5 35. Bd6 Rxd4 36. Ra3 Nb6 37. Bc5 Rd1+ 38. Kf2 Nc4 39. Ra2 Ne5 40. Be3 Rh1 41. Kg2 Re1 42. Bf2 Rb1 43. a5 Rb8 44. a6 Ra8 45. a7 Ke4 46. Ra5 Nc6 47. Ra6 Kd5 48. Bg3 Nxa7 49. Bf2 Rg8+ 50. Kf1 Nc6 51. Ra4 Ke6 52. Rh4 Rg5 53. Be3 Rf5+ 54. Ke2 Ne5 55. Bd4 Ng4 56. Kd3 Kd5 57. Bc3 Rf3+ 58. Kc2 Rf2+ 59. Kb3 Rh2 0-1